00317nam a2200121Ia 4500008004000000082001300040100003200053245003100085250000500116260004400121300001800165650001200183210210b1987 xxu||||| |||| 00| 0 eng d a574 DASO aDAS (K S) & MOOKERJI (J B). aOutlines of biology. Ed 9. a aCalcuttabNew Central Book Agencyc1987 axxxi,692,xxvi aBiology